000 01301nam a22002417a 4500
001 74618
003 BD-RjUL
005 20211209082559.0
008 181104s1991 bg ||||| |||| 00| 0 eng d
035 _a(BD-RjUL)74836
040 _aBD-RjUL
_bben
_cBD-RjUL
041 _aben
082 _223
_a891.43915
_bALA 1991
245 _aআল্লামা ইকবাল /
_cসম্পাদনা কমিটি সৈয়দ সাজ্জাদ হোসায়েন, এস. মজিবউল্লাহ, কে. এ. রহমান, এ. এফ. এম. হোসাইন আহমদ, মুহাম্মাদ নুরুল ইসলাম, সৈয়দ তোসারফ আলী, আবদুল ওয়াহিদ
260 _aঢাকা :
_bআল্লামা ইকবাল সংসদ,
_c১৯৯১
300 _a২৫৬ পৃ. :
_bচিত্রসমূহ ;
_c২২ সেমি.
600 _aইকবার, মুহম্মদ ,
_d১৮৭৭-১৯৩৮
_9224676
600 _aIqbal, Muhammad,
_d1877-1938
_9224677
700 _aহোসায়েন, সৈয়দ সাজ্জাদ
_9224678
700 _aমজিবউল্লাহ, এস.
_9224674
700 _aরহমান, কে. এ.
_9224679
942 _2ddc
_cBK
999 _c74618
_d74618